Kassay, S., Souček, Z.: Efektívna stratégia podniku (tvorba-kontexty-realizácia). Bratislava, Stratég 1998, 119 s.
Recenzia publikácie - Kassay, S., Souček, Z.: Efektívna stratégia podniku (tvorba-kontexty-realizácia). Bratislava, Stratég 1998, 119 s. Publikácia je zameraná na definovanie pojmu podniková stratégia, vysvetľuje jej význam ako aj algoritmus jej tvorby. Príklady. Tabuľky, grafy.
Gespeichert in:
| 1. Verfasser: | |
|---|---|
| Format: | Buchkapitel |
| Sprache: | Slowakisch |
| Schlagworte: | |
| Tags: |
Keine Tags, Fügen Sie das erste Tag hinzu!
|
MARC
| LEADER | 00000naa a2200000 4500 | ||
|---|---|---|---|
| 001 | r033694 | ||
| 005 | 20230918075338.2 | ||
| 041 | 0 | |a slo | |
| 044 | |a SK | ||
| 245 | 1 | 0 | |a Kassay, S., Souček, Z.: Efektívna stratégia podniku (tvorba-kontexty-realizácia). Bratislava, Stratég 1998, 119 s. |c Marián Meško |
| 520 | |a Recenzia publikácie - Kassay, S., Souček, Z.: Efektívna stratégia podniku (tvorba-kontexty-realizácia). Bratislava, Stratég 1998, 119 s. Publikácia je zameraná na definovanie pojmu podniková stratégia, vysvetľuje jej význam ako aj algoritmus jej tvorby. Príklady. Tabuľky, grafy. | ||
| 610 | 2 | 0 | |a stratégia podniková |
| 610 | 2 | 0 | |a pojmy |
| 610 | 2 | 0 | |a podnikanie |
| 610 | 2 | 0 | |a manažment strategický |
| 610 | 2 | 0 | |a megatrendy |
| 610 | 2 | 0 | |a trh |
| 610 | 2 | 0 | |a vízie |
| 610 | 2 | 0 | |a analýzy |
| 610 | 2 | 0 | |a softvér |
| 610 | 2 | 0 | |a BELINDA |
| 100 | 1 | |a Meško, Marián | |